书目信息 |
| 题名: |
高分子材料
|
|
| 作者: | 黄丽 主编 | |
| 分册: | ||
| 出版信息: | 北京 化学工业出版社 2005 |
|
| 页数: | 396页 | |
| 开本: | 26cm | |
| 丛书名: | ||
| 单 册: | ||
| 中图分类: | TB324 | |
| 科图分类: | ||
| 主题词: | 高分子材料--高等学校--教材 , 高分子材料 | |
| 电子资源: | ||
| ISBN: | 7-5025-7239-2 | |
| 000 | 00823nam0 2200253 450 | |
| 001 | 012007809574 | |
| 005 | 20070517110714.12 | |
| 010 | @a7-5025-7239-2@dCNY39.00 | |
| 100 | @a20070509d2005 km y0chiy0120 ea | |
| 101 | 0 | @achi |
| 102 | @aCN@b110000 | |
| 105 | @ay z 000yy | |
| 106 | @ar | |
| 200 | 1 | @a高分子材料@Agao fen zi cai liao@f黄丽主编@Fhuang li zhu bian |
| 210 | @a北京@c化学工业出版社@d2005 | |
| 215 | @a396页@d26cm | |
| 300 | @a普通高等教育“十五”国家级规划教材 | |
| 330 | @a本书主要介绍了通用塑料、工程塑料、合成纤维、橡胶、涂料、黏合剂、功能高分子材料等的基本性质、功能、加工工艺及其结构和组成的关系。全书共8章。 | |
| 606 | 0 | @a高分子材料@x高等学校@j教材 |
| 606 | 0 | @a高分子材料 |
| 690 | @aTB324@v4 | |
| 701 | 0 | @a黄丽@Ahuang li@4主编 |
| 801 | 0 | @aCN@bRULIN@c20070517 |
| 905 | @dTB324@e150@s10 | |
| 高分子材料/黄丽主编.-北京:化学工业出版社,2005 |
| 396页;26cm |
| 普通高等教育“十五”国家级规划教材 |
| ISBN 7-5025-7239-2:CNY39.00 |
| 本书主要介绍了通用塑料、工程塑料、合成纤维、橡胶、涂料、黏合剂、功能高分子材料等的基本性质、功能、加工工艺及其结构和组成的关系。全书共8章。 |
| ● |
| 相关链接 |
|
|
|
|
正题名:高分子材料
索取号:TB324/150
 
预约/预借
| 序号 | 登录号 | 条形码 | 馆藏地/架位号 | 状态 | 备注 |
| 1 | 0578349 | 205783491 | 第二样本阅览室/ [索取号:TB324/150] | 在馆 | |
| 2 | 0578350 | 205783507 | 第三借阅区/ [索取号:TB324/150] | 在馆 | |
| 3 | 0578351 | 205783516 | 第三借阅区/ [索取号:TB324/150] | 在馆 | |
| 4 | 0578352 | 205783525 | 第三借阅区/ [索取号:TB324/150] | 在馆 | |
| 5 | 0578353 | 205783534 | 第三借阅区/ [索取号:TB324/150] | 在馆 | |
| 6 | 0578354 | 205783543 | 第三借阅区/ [索取号:TB324/150] | 在馆 | |
| 7 | 0578355 | 205783552 | 密集书库/ [索取号:TB324/150] | 在馆 | |
| 8 | 0578356 | 205783561 | 密集书库/ [索取号:TB324/150] | 在馆 | |
| 9 | 0578357 | 205783570 | 密集书库/ [索取号:TB324/150] | 在馆 | |
| 10 | 0578358 | 205783589 | 密集书库/ [索取号:TB324/150] | 在馆 |